Φτωχότεροι Νομοί της Ελλάδας - Statistics

General Stats
  • This quiz has been taken 24 times
  • The average score is 5 of 10
Answer Stats
€/κάτοικο Νομός % Correct
11.322 Δράμα
76%
11.326 Άρτα
62%
10.545 Γρεβενά
57%
11.384 Ηλεία
57%
11.438 Ξάνθη
57%
10.028 Σέρρες
52%
10.974 Καστοριά
52%
10.593 Ευρυτανία
43%
10.315 Καρδίτσα
29%
11.559 Τρίκαλα
24%
No matching quizzes found
Score Distribution
Percent of People with Each Score
Percentile by Number Answered
Your Score History
You have not taken this quiz